Land Biomes of the World - Statistics

General Stats
  • This quiz has been taken 78 times
  • The average score is 7 of 14
Answer Stats
Picture Answer % Correct
Desert and xeric shrubland
95%
Tropical and subtropical moist broadleaf forest
92%
Tundra
87%
Boreal forest / taiga
79%
Montane grassland and shrubland
72%
Mediterranean forest, woodland, and scrub
56%
Temperate grassland, savanna, and shrubland
54%
Temperate broadleaf and mixed forest
44%
Tropical and subtropical grassland, savanna, and shrubland
34%
Flooded grassland and savanna
21%
Temperate coniferous forest
21%
Mangrove
20%
Tropical and subtropical dry broadleaf forest
16%
Tropical and subtropical coniferous forest
13%
No matching quizzes found
Score Distribution
Percent of People with Each Score
Percentile by Number Answered
Your Score History
You have not taken this quiz